| 000 | 00998cam a2200229 4500 | ||
|---|---|---|---|
| 008 | 090401t1999 xxu||||| |||| 00| 0 eng d | ||
| 020 | _a0853085536 | ||
| 035 | _a(Sirsi) u91509 | ||
| 041 | _aeng | ||
| 050 |
_a346.4104342 _c18 |
||
| 100 | _aDollar, Peta | ||
| 245 |
_aTenants pre-emption rights _ba landlord's guide to the Landlord and Tenant Act 1987 |
||
| 260 |
_aBristol _bJordan _c1999 |
||
| 300 |
_axix, 179p. _c25cm. |
||
| 350 | _a35 | ||
| 520 | _aSets out the background to the Landlord and Tenant Act 1987, when it applies, pre-disposal requirements, tenants' reponses and what to do next. Also condisers how to ensure that disposals fall outside the Act and the position of the prospective purchaser. Includes solutions to some practical problems and case law. | ||
| 650 | _aLANDLORD AND TENANT ACT 1987 | ||
| 690 | _aPROPERTY-RESIDENTIAL PROPERTY-RESIDENTIAL LANDLORD AND TENANT-RESIDENTIAL TENANCIES | ||
| 700 | _aThompson-Copsey, Sarah | ||
| 942 | _n0 | ||
| 948 | _c23/02/1999 | ||
| 999 |
_c97650 _d97650 |
||